| 000 | 00781nam a2200193 a 4500 | ||
|---|---|---|---|
| 003 | 0 | ||
| 005 | 20250310115316.0 | ||
| 008 | 090709s19uu xx 00 eng d | ||
| 050 |
_aPHS LB 2350.5 _b.J76 2009 |
||
| 100 | _aJones, Carla Monica N. | ||
| 245 |
_aCollege readiness of SISC graduates as expressed by their academic performance in colleges and universities / _cCarla Monica N. Jones. |
||
| 260 |
_aLas PiƱas City, Philippines : _bSouthville International School and Colleges, _c2009. |
||
| 300 |
_a36 pages : _billustrations ; _c28 cm. |
||
| 504 | _aIncludes bibliographical references. | ||
| 650 |
_aCollege readiness _xPhilippines. |
||
| 650 |
_aAcademic achievement _xPhilippines. |
||
| 650 |
_aCollege students _zPhilippines _xAcademic performance. |
||
| 942 |
_2lcc _cPASS |
||
| 999 |
_c98248 _d98248 |
||